Maxillary arch changes during orthodontic treatment using a self ligating vs conventional system /
محفوظ في:
| المؤلف الرئيسي: | |
|---|---|
| التنسيق: | أطروحة كتاب |
| اللغة: | English |
| منشور في: |
2011.
|
| الموضوعات: | |
| الوسوم: |
إضافة وسم
لا توجد وسوم, كن أول من يضع وسما على هذه التسجيلة!
|
| LEADER | 00957cam a2200229 a 4500 | ||
|---|---|---|---|
| 001 | u837513 | ||
| 003 | SIRSI | ||
| 005 | 201108231110 | ||
| 008 | 110823s2011 my a m 000 0 eng m | ||
| 040 | |a UMG | ||
| 096 | |a WU400 |b UM 2011 Surhmz | ||
| 100 | 0 | |a Suryati Hartini Mohamed Zini. | |
| 245 | 1 | 0 | |a Maxillary arch changes during orthodontic treatment using a self ligating vs conventional system / |c Suryati Hartini Binti Mohamed Zini. |
| 260 | |c 2011. | ||
| 300 | |a xiv, 107 leaves : |b ill. ; |c 30 cm. | ||
| 502 | |a Dissertation (M. Orthodontics) -- Jabatan Pergigian Kanak-Kanak dan Ortodontik, Fakulti Pergigian, Universiti Malaya, 2011. | ||
| 504 | |a Bibliography: leaves 98-107. | ||
| 650 | 1 | 2 | |a Orthodontics, Corrective |x methods. |
| 710 | 2 | 0 | |a Universiti Malaya. |b Jabatan Pergigian Kanak-Kanak dan Ortodontik. |
| 900 | |a SMT | ||
| 596 | |a 10 | ||
| 999 | |a WU400 UM 2011 SURHMZ |w NLM |c 1 |i A514416571 |d 23/8/2011 |f 23/8/2011 |g 2 |l STACKS |m P10PERGIGI |r Y |s Y |t TESIS |u 23/8/2011 | ||
